000 00553nam a2200217Ia 4500
003 OSt
005 20220928143247.0
006 a|||||r|||| 00| 0
007 ta
008 220927b |||||||| |||| 00| 0 eng d
024 _a21492
037 _cTextual
040 _aSDCL
_cSDCL
_beng
041 _2eng
_aeng
082 _aO-,3M73,1, J5
100 _aFord Ford Madox
_9406697
245 0 _aGood Soldier
_b A tale of passion.
260 _c1955
942 _hO-,3M73,1, J5
_cTEXL
_2CC
999 _c823531
_d823531